000 00227nam a2200109Ia 4500
100 _a#N/A
650 _aComputer/ IT
942 _cBK
245 _aMicrosoft Access 2000/ 2002/ XP Begineers
260 _b#N/A
546 _aENGLISH
999 _c20025
_d20025